Animales mexicanos / (Record no. 106475)

MARC details
000 -CABECERA
campo de control de longitud fija 00800nam a2200241 a 4500
005 - FECHA Y HORA DE LA ÚLTIMA TRANSACCIÓN
campo de control 20240315063702.0
008 - ELEMENTOS DE LONGITUD FIJA--INFORMACIÓN GENERAL
campo de control de longitud fija 991125s2000 mx 000 0 spa u
020 ## - NÚMERO INTERNACIONAL NORMALIZADO PARA LIBROS
Número Internacional Estándar del Libro 9701846338
035 ## - NÚMERO DE CONTROL DEL SISTEMA
Número de control de sistema UPN01000134324
049 ## - COLECCIÓN
Colección I
050 #4 - SIGNATURA TOPOGRÁFICA DE LA BIBLIOTECA DEL CONGRESO
Número de clasificación QL225
Número de documento/Ítem M3.2 2000
100 1# - ASIENTO PRINCIPAL--NOMBRE PERSONAL
Nombre de persona Martín del Campo, Rafael
9 (RLIN) 29663
245 10 - MENCIÓN DE TÍTULO
Título Animales mexicanos /
Mención de responsabilidad, etc. Rafael Martín del Campo ; il. Felipe Dávalos.
250 ## - MENCIÓN DE EDICIÓN
Mención de edición 4a ed.
260 ## - PUBLICACIÓN, DISTRIBUCIÓN, ETC.
Lugar de publicación, distribución, etc. México :
Nombre del editor, distribuidor, etc. CONAFE,
Fecha de publicación, distribución, etc. 2000.
300 ## - DESCRIPCIÓN FÍSICA
Extensión 80 p. :
Otras características físicas principalmente il. col.
440 #0 - MENCIÓN DE SERIE/ASIENTO SECUNDARIO--TÍTULO
Título Colibrí.
Nombre de parte o sección de la obra Ciencias naturales
501 ## - NOTA DE "CON"
Nota de “Con” Con: Aves / Lourdes Navarijo -- Mariposas / Carlos R. Beutelspacher
650 #4 - ASIENTO SECUNDARIO DE MATERIA - TERMINO TEMATICO
Término de materia o nombre geográfico como elemento de entrada ZOOLOGIA -
Subdivisión geográfica MEXICO
9 (RLIN) 26223
650 #2 - ASIENTO SECUNDARIO DE MATERIA - TERMINO TEMATICO
Término de materia o nombre geográfico como elemento de entrada Aves
Subdivisión de forma Literatura infantil
9 (RLIN) 19835
650 #4 - ASIENTO SECUNDARIO DE MATERIA - TERMINO TEMATICO
Término de materia o nombre geográfico como elemento de entrada MARIPOSAS -
Subdivisión de forma LITERATURA INFANTIL
9 (RLIN) 20151
905 ## - TIPO DE MATERIAL
Tipo de material Infantil
Holdings
Estado de retiro Estado de pérdida Fuente del sistema de clasificación o colocación Estado dañado No para préstamo Código de colección Localización permanente Ubicación/localización actual Ubicación en estantería Fecha de adquisición Total de préstamos Clasificación Código de barras Fecha visto por última vez Número de copia Tipo de ítem Koha
    Library of Congress Classification     Infantil Bib. Gregorio Torres Quintero Bib. Gregorio Torres Quintero Sala infantil Planta baja 10/05/2023 1 QL225 M3.2 2000 201520 31/12/2020 1 Libro